00403nam a2200121Ia 4500008004100000245006400041245001900105260000900124650000800133856004800141999001900189952007300208171211s9999 xx 000 0 und d aArt's Emotions: Ethics, Expression and Aesthetic Experience cDamien Freeman c2012 xART uhttp://down.ebook777.com/064/1844655113.pdf c348527d348527 001040aCLbCLd2017-12-11l0r2017-12-11 00:00:00w2017-12-11yCBE